000 00484nam a2200169Ia 4500
999 _c20465
_d20465
003 OSt
005 20200609134121.0
008 190216s9999||||xx |||||||||||||| ||und||
020 _a9780140139860
040 _coclc
082 _a364.153
_bBRO/A
100 _a Brownmiller, Susan
_92684
245 0 _aAgainst Our Will /
_cSusan Brownmiller
260 _bPenguin Books,
_c1991.
_aEngland:
300 _a472p
942 _cBK
_2ddc
_h364.153
_iBRO/A
_k364.153
_mBRO/A